Blackpool Tram Stops - Map Quiz - Statistics

General Stats
  • This quiz has been taken 67 times
    45 since last reset
  • The average score is 5 of 40
Answers on the Map
Answers color-coded by a green-red scale on the quiz's map according to % correct below.
 
Answer Stats
Answer % Correct
Fleetwood Ferry
64%
North Station
55%
North Pier
45%
Starr Gate
45%
South Pier
36%
Central Pier
27%
Burlington Road West
18%
Harrow Place
18%
Pleasant Street
18%
Pleasure Beach
18%
Talbot Square
18%
Tower
18%
Anchorsholme Lane
9%
Broadwater
9%
Cleveleys
9%
Fisherman's Walk
9%
Little Bispham
9%
Manchester Square
9%
Rossall School
9%
Waterloo Road
9%
Bispham
0%
Cabin
0%
Cavendish Road
0%
Cliffs Hotel
0%
Gynn Square
0%
Heathfield Road
0%
Lindel Road
0%
London Street
0%
Lowther Avenue
0%
Norbreck
0%
Norbreck North
0%
Rossall Beach
0%
Rossall Square
0%
Sandhurst Avenue
0%
Stanley Road
0%
St Chad's Road
0%
Thornton Gate
0%
Victoria Street
0%
West Drive
0%
Wilton Parade
0%
No matching quizzes found
Score Distribution
Percent of People with Each Score
Percentile by Number Answered
Your Score History
You have not taken this quiz since the last reset